Ode ad Alexandrum Russorum Imperatorem, fama rerum praeclare gestarum inprimis promotione omnium scientiatum gloriosissimum, ...

Bibliographic Details
Format: Book
Language:English
PhysicalDescription:8 s.
Published: Pesthini [s.n.] 1804

MARC

LEADER 00000nam a2200000 a 4500
001 vtls009191271
003 SK-MaSNL
005 20260223183656.0
008 080312 000 0 eng
040 |a SNK  |b slo  |c SNK  |e AACR2 
245 1 |a Ode ad Alexandrum Russorum Imperatorem, fama rerum praeclare gestarum inprimis promotione omnium scientiatum gloriosissimum, ... 
260 |a Pesthini  |b [s.n.]  |c 1804  |e Pesthini  |f Typis Matthiae Trattner 
300 |a 8 s. 
999 |c 656124  |d 658054 
952 |a SNK  |b SNK  |y PREZ  |7 0  |p 17A0579019  |o snkSD 15410  |i snk6475/58  |3 rekatalogizácia  |0 0  |1 0  |4 0  |d 2008-03-12  |l 0  |r 2025-11-28 00:00:00  |w 2026-02-23